Регионална библиотека "Любен Каравелов" - Русе

Blues collective [аудио CD] (Запис номер 221242)

MARC детайли
000 -Лидер
Контролно поле с фиксирана дължина 00729njm a2200289 c 4500
003 - Код на организацията, давaща контролен номер
Контролно поле BLK
005 - Дата и час на последна редакция
Контролно поле 20240521133253.0
008 - Елементи от данни с фиксирана дължина
fixed length control field 180410b bul||n||s|||||||| n|bulo|
010 ## - Наследен системен номер
LC control number CDD00003743000
040 ## - Източник на каталожния запис
Идентификатор на билиотеката - собственик на записа BLK
041 ## - Код за език
Код за езика на текст/звукозапис или на отделно заглавие Български
Код за езика КДБФ Английски
080 ## - УДК
Текстов определител УДК Джаз
УДК код - определител по УДК 78.036.9
УДК - код + определител 78.036.9
139 ## - Редно поле
Редна дума Blues collective [аудио CD]
Авторски знак Blu - B 68
245 10 - Сведения за заглавието
Заглавие Blues collective [аудио CD]
257 ## - Страна на издаване
Страна на създаване/издаване България
260 ## - Област на издателските данни
Година на издаване 1996
380 ## - Жанр
Жанр Изкуство
590 ## - Забележки на библиотеката, притежаваща документа (RLIN)
Служебно S.N: 93089 от КНИГИ
852 ## - Местоположение
Форматна сигнатура Цб CD 2368
Част 0
856 4# - Електронен адрес и достъп
Електронен формат pdf - файл
Път до файла /url/
856 4# - Електронен адрес и достъп
Електронен формат pdf - файл
Път до файла /url/
942 ## - АРТИКУЛИ
Вид на библиотечния материал Компактдискове
Скрит в OPAC Не
944 ## - СЪЗДАВАНЕ И РЕДАКЦИЯ на ЗАПИСА
Създаване/Редакция Създаване
Дата на регистрацията/редакция 15.12.2009
Служител, извършил регистрацията/редакцията 30570
Статус, дата на статуса Моника Янева
944 ## - СЪЗДАВАНЕ И РЕДАКЦИЯ на ЗАПИСА
Създаване/Редакция Редакция
Дата на регистрацията/редакция 15.12.2009
999 ## - СИСТЕМНИ КОНТРОЛНИ НОМЕРА
Koha biblionumber 221242
Koha biblioitemnumber 221242
999 ## - СИСТЕМНИ КОНТРОЛНИ НОМЕРА
Koha biblioitemnumber 221242
999 ## - СИСТЕМНИ КОНТРОЛНИ НОМЕРА
Koha biblioitemnumber 221242
Наличности
Код за отписване Код за изгубен артикул Източник на класификационната схема Код за повреда Коз за рестрикции Код за отдаване Артикулен № Име на библиотеката - собственик Име на библиотеката, в която се намира в момента Статус (Текущо местоположение) Дата на вписване в системата Местоположение - отдел Цена в лева Инвентарен номер Систематично азбучна сигнатура Баркод Номер на екземпляра Цена в евро Служебна бележка Служебен тип на артикула
  Не е изгубен Universal Decimal Classification Не е повреден без рестрикции заемане за дома 393130 Регионална библиотека "Любен Каравелов" Русе Регионална библиотека "Любен Каравелов" Русе Отдел Изкуство - подръчен фонд 2009-12-15 Отдел Изкуство - подръчен фонд 5.00 250000004067 78.036.9/B 68 250000004067 1 2.56 Дост: Pk Вид: Ф N: 99 Дата: 11.12.2009 Съставил: Валя_Йорданова Компактдискове
Vip Innovations Ltd, Rousse, Bulgaria 2025